| 000 | 01490nam a2200265Ii 4500 | ||
|---|---|---|---|
| 003 | JO-AjNU | ||
| 005 | 20240623124959.0 | ||
| 008 | 230605s9999||||xx |||||||||||||| ||und|| | ||
| 040 |
_aJO-AjNU _bara _erda _cJO-AjNU |
||
| 041 | _aara | ||
| 050 |
_aHF5681. _bT3.Z3476 2003 |
||
| 100 | 1 |
_aزيتون، ريم غسان _964847 _eمعد |
|
| 245 | 0 |
_aأثر تفعيل عملية التقدير الذاتي ومسؤولية المدقق في تعزيز ثقة المكلفين والحد من ظاهرة التهرب الضريبي في الأردن : دراسة ميدانية = The impact of Enforcing Tax Payers Self Assessment & Aauditios Responsibility in Enhancing their Confidence & and Reducing Tax Evasion in Jordan : An Empirical Study / _cإعداد ريم غسان زيتون ؛ إشراف أحمد محمد العمري |
|
| 260 | _c2003 | ||
| 300 | _a134 ورقة | ||
| 336 |
_atext _btxt _2rdacontent |
||
| 337 |
_aunmediated _bn _2rdamedia |
||
| 338 |
_avolume _bnc _2rdacarrier |
||
| 500 | _aرسالة جامعية (ماجستير)- جامعة اليرموك،كلية الاقتصاد والعلوم الادارية، قسم المحاسبة2003. | ||
| 501 | _aتحتوي على ملاحق | ||
| 504 | _aتحتوي على مراجع باللغتين العربية والانجليزية | ||
| 650 | 4 | 0 |
_aالضرائب-محاسبة-التهرب الضريبي-الاردن. _964762 |
| 700 | 1 |
_aالعمري، محمد أحمد _951125 _eمشرف |
|
| 942 |
_2lcc _cTHS |
||
| 999 |
_c33032 _d33032 |
||